00398nam a2200133Ia 450000500170000000800410001702000150005808200130007310000130008624500360009926000360013530000130017150000800018420250320034937.0240331s9999 xx 000 0 und d a8190421158 bMUNa894 aMunish,V 0aThamil ilakkiyathil aravaanikal aMaduraibJayam Pathipakamc2008 a112 p ., aAravaanikalai patri poorithalum Tamil Ilakkiyathil Avarakalai patriye aayvu